| 000 | 00538nam a2200193Ia 4500 | ||
|---|---|---|---|
| 999 |
_c8775 _d8775 |
||
| 003 | OSt | ||
| 005 | 20201008120836.0 | ||
| 008 | 190216s9999||||xx |||||||||||||| ||und|| | ||
| 020 | _a8176560537 | ||
| 040 | _coclc | ||
| 082 |
_a004.678 _bCRU/I |
||
| 100 |
_aCrumlish, Christian _95465 |
||
| 245 | 0 |
_aThe Internet / _cChristian Crumlish |
|
| 250 | _a2nd Ed. | ||
| 260 |
_bBpb Publications, _c2002. _aNew Delhi: |
||
| 300 | _a470p | ||
| 650 | _aComputer Science | ||
| 942 |
_cBK _2ddc _h004.678 _iCRU/I _k004.678 _mCRU/I |
||